| 000 | 01186cam a22003497a 4500 | ||
|---|---|---|---|
| 003 | CHAP | ||
| 005 | 20220329135238.0 | ||
| 008 | 971013s1979 r 00010 d | ||
| 010 | _a33232 | ||
| 011 | _a34204 | ||
| 035 | _a38320 | ||
| 040 | _cCHAP | ||
| 090 | _aTesis | ||
| 100 | 0 | 0 |
_aNúñez Ocampo, Gerardo. _981963 |
| 245 | 1 | 3 | _aLa economía campesina en la estructura agropecuaria regional del estado de Tlaxcala |
| 260 |
_aMéxico, D. F. : _bEl autor, _c1979 |
||
| 300 | _a159 h. | ||
| 502 | _aTesis (Lic. en Economía) -- UNAM. Facultad de Economía | ||
| 590 |
_aALEPH _b10 _c20130110 _lUCH01 _h1257 |
||
| 590 |
_aBATCH-UPD _b10 _c20130110 _lUCH01 _h0057 |
||
| 590 |
_aBATCH-UPD _b10 _c20130110 _lUCH01 _h2228 |
||
| 590 |
_aBATCH-UPD _b10 _c20130409 _lUCH01 _h2046 |
||
| 590 |
_aBATCH-UPD _b10 _c20130410 _lUCH01 _h1524 |
||
| 590 |
_aBATCH-UPD _b10 _c20130914 _lUCH01 _h0827 |
||
| 590 |
_aCONVERSION _b10 _c20130109 _lUCH01 _h1319 |
||
| 650 | 1 | 4 |
_aAgricultura _xAspectos economicos _xTlaxcala. _91300 |
| 650 | 1 | 4 |
_aCampesinado _xTlaxcala. _918043 |
| 650 | 1 | 4 |
_aTierras _xTenencia _xTlaxcala. _9113205 |
| 901 | _aBK | ||
| 942 | _cTESIS | ||
| 949 |
_bBC _cTES _d-87614 _eTS1 _h17920 _i38320 _si |
||
| 999 |
_c33232 _d33232 |
||